00325 a2200145 450000100060000002000180000604000260002410000210005024000270007124500220009830000070012036200090012744000120013665000310014848715 a85-08-00629-2 cAnchieta - Bela Vista aBelinky, Tatiana10aMedroso! Medroso!lpor10aMedroso! Medroso! a240 a1985 1aÁtica 4aLiteratura infanto-juvenil